Religion Quiz

Random Religion or Bible Quiz

Populating after the Flood Quiz Stats

 Plays Quiz not verified by Sporcle

Score 0/16 Timer 05:00
0 Plays Today
Son of this Man Name's of Sons % Correct
HamCanaan
82.4%
ShemElam
70.6%
JaphethGomer
64.7%
ShemAsshur
64.7%
HamCush
58.8%
ShemArphaxad
58.8%
ShemAram
58.8%
JaphethMagog
52.9%
Son of this Man Name's of Sons % Correct
JaphethJavan
52.9%
JaphethTubal
47.1%
JaphethMeshech
47.1%
HamPhut
47.1%
HamMizraim
41.2%
ShemLud
41.2%
JaphethMadai
35.3%
JaphethTiras
35.3%

You're not logged in!

Compare scores with friends on all Sporcle quizzes.
OR
Log In

Show Comments

Extras

Top Quizzes Today


Score Distribution

Your Account Isn't Verified!

In order to create a playlist on Sporcle, you need to verify the email address you used during registration. Go to your Sporcle Settings to finish the process.

Report this User

Report this user for behavior that violates our Community Guidelines.

Details: